| 000 | 00566nam a2200193 i 4500 | ||
|---|---|---|---|
| 001 | 39931 | ||
| 003 | ES-MaACL | ||
| 005 | 20230906160115.0 | ||
| 007 | t| | ||
| 008 | 030304s1939 sp ||||1| spa d | ||
| 100 | 1 |
_aCarro, Conchita. _935819 |
|
| 245 | 1 | 0 |
_aPaco y las Duquesas / _cpor Conchita Carro. |
| 260 |
_aMadrid : _b[s.n., _c1939] |
||
| 300 |
_a14 p. : _bil. ; _c28 cm. |
||
| 490 | 1 |
_aLa novela de "Vértice" ; _vabr. 1939 |
|
| 830 | 0 |
_aLa novela de "Vértice" ; _vabr. 1939 _9171496 |
|
| 852 |
_aES-MaACL _j1846-F-8 _bR.20282 |
||
| 999 |
_c39931 _d39931 |
||